000 00380nam a2200169Ia 4500
100 _aRossi/Gustavo
650 _aWeb engineering
942 _cBK
366 _f25
654 _aweb engineering
245 _aWeb engineering :Modelling and implementing
260 _bSpringer
_c2008
082 _a4.65
_bROS
300 _a461
546 _aENGLISH
_celectronics
999 _c27157
_d27157